| 000 | 00384 a2200145 4500 | ||
|---|---|---|---|
| 005 | 20250626153342.0 | ||
| 020 | _a13:978-0-7879-7908-9 | ||
| 082 | _a658.4'092 BYR. | ||
| 100 | _aBYRNE. C. J. | ||
| 245 | _aSuccessful Leadership Development Program, | ||
| 260 |
_aNew York, _bJohn Wiley & Sons, INC. _c2006. |
||
| 300 |
_axvi.; 184p. _c23cm. |
||
| 700 | _aREES. R. T. | ||
| 942 |
_2ddc _cBKS |
||
| 999 |
_c5425 _d5425 |
||